Sobre la literatura y el arte/ (Record no. 10661)

000 -CABECERA
fixed length control field 00872nam a22002297a 4500
003 - IDENTIFICADOR DEL NÚMERO DE CONTROL
control field AR-CdUCM
008 - DATOS DE LONGITUD FIJA--INFORMACIÓN GENERAL
fixed length control field 190401b ||||| |||| 00| 0 spa d
040 ## - FUENTE DE LA CATALOGACIÓN
Agencia/entidad que catalogó originalmente la obra MUNICIPALIDAD PROVINCIAL DEL CUSCO
Entidad que transcribió la catalogación BIBLIOTECA MUNICIPAL DEL CUSCO
082 ## - NÚMERO DE LA CLASIFICACIÓN DECIMAL DEWEY
No. de Clasificación 800.7 /
Notacion interna L44S / 1946
100 ## - ENTRADA PRINCIPAL--NOMBRE DE PERSONA
Nombre Personal Lenin, V. I.
245 ## - MENCIÓN DE TÍTULO
Título Sobre la literatura y el arte/
260 ## - PUBLICACIÓN, DISTRIBUCIÓN, ETC.
Lugar de publicación, distribución, etc. La Plata :
Nombre de la editorial, distribuidor, etc. Calomino,
Fecha de publicación, distribución, etc. 1946.
300 ## - DESCRIPCIÓN FÍSICA
Nº de Páginas Extensión 200 páginas ;
Dimensiones 18 cm.
440 ## - MENCIÓN DE SERIE/PUNTO DE ACCESO ADICIONAL--TÍTULO
Título Biblioteca de Cultura Integral.
9 (RLIN) 27635
505 ## - NOTA DE CONTENIDO CON FORMATO
Nota de contenido formateada Contenido:La literatura Rusa, reflejo de la lucha de clases -- Tolstoi, espejo de la revolución Rusa -- Por una literatura revolucionaria -- LA revolución cultural -- El socialismo y la cultura nacional ...
650 ## - PUNTO DE ACCESO ADICIONAL DE MATERIA--TÉRMINO DE MATERIA
Descriptor Literatura
9 (RLIN) 83
650 ## - PUNTO DE ACCESO ADICIONAL DE MATERIA--TÉRMINO DE MATERIA
Descriptor Arte
9 (RLIN) 561
650 ## - PUNTO DE ACCESO ADICIONAL DE MATERIA--TÉRMINO DE MATERIA
Descriptor Rusia
9 (RLIN) 499
700 ## - PUNTO DE ACCESO ADICIONAL--NOMBRE DE PERSONA
Nombre Personal Stalin, J. (coautor)
9 (RLIN) 27636
942 ## - ELEMENTOS DE PUNTO DE ACCESO ADICIONAL (KOHA)
Fuente de clasificación
Tipo de item Libros-BMC
945 ## - PROCESAMIENTO DE INFORMACIÓN LOCAL (OCLC)
Catalogador achl
Holdings
Estado de retiro (separado) Fuente de clasificación o esquema de estanterías Estado dañado Ubicación Sala donde se ubica Nombre de la colección Fecha de adquisición o compra Costo, precio normal en soles Signatura topográfica Código de Barras Última vez visto (Koha) Tipo de ítem (Koha)
No     Sala Cusco Antiguo Sala Cusco Antiguo Book Cart 2019-04-01 45.00 800.7 / L44S / 1946 SCA0000819 2019-04-01 Libros-BMC

Powered by Koha